Lektury szkolne - Statystyki

Ogólne statystyki
  • Ten quiz został rozwiązany 931 razy
  • Średni wynik to 27 z 54
Statystyki odpowiedzi
Tytuł Imię i nazwisko autora % Poprawnych
Lalka Bolesław Prus
93%
Pan Tadeusz Adam Mickiewicz
87%
Dziady Adam Mickiewicz
84%
Hamlet William Szekspir
78%
Treny Jan Kochanowski
77%
Quo vadis Henryk Sienkiewicz
76%
Romeo i Julia William Szekspir
76%
Potop Henryk Sienkiewicz
75%
Krzyżacy Henryk Sienkiewicz
72%
Balladyna Juliusz Słowacki
72%
Zemsta Aleksander Fredro
69%
Iliada Homer
69%
Kordian Juliusz Słowacki
69%
Makbet William Szekspir
69%
Wesele Stanisław Wyspiański
66%
Pan Wołodyjowski Henryk Sienkiewicz
65%
Sonety krymskie Adam Mickiewicz
64%
Odyseja Homer
63%
Antygona Sofokles
58%
Kamienie na szaniec Aleksander Kamiński
56%
Chłopi Władysław Reymont
56%
Romantyczność Adam Mickiewicz
55%
Zbrodnia i kara Fiodor Dostojewski
55%
Oda do młodości Adam Mickiewicz
54%
Król Edyp Sofokles
54%
Ferdydurke Witold Gombrowicz
53%
Skąpiec Molier
51%
Boska komedia Dante Alighieri
50%
Nad Niemnem Eliza Orzeszkowa
50%
Przedwiośnie Stefan Żeromski
49%
Tango Sławomir Mrożek
47%
Ludzie bezdomni Stefan Żeromski
44%
Granica Zofia Nałkowska
44%
Dżuma Albert Camus
43%
Testament mój Juliusz Słowacki
43%
Mały Książę Antoine de Saint-Exupery
41%
Kamizelka Bolesław Prus
41%
Proces Franz Kafka
40%
Folwark zwierzęcy George Orwell
40%
Grób Agamemnona Juliusz Słowacki
35%
Cierpienia młodego Wertera Johann Wolfgang Goethe
34%
Inny świat Gustaw Herling-Grudziński
32%
Nie-Boska komedia Zygmunt Krasiński
31%
Zdążyć przed Panem Bogiem Hanna Krall
29%
Sklepy cynamonowe Bruno Schulz
28%
Mistrz i Małgorzata Michaił Bułhakow
26%
Faust Johann Wolfgang Goethe
24%
Jądro ciemności Joseph Conrad
24%
Szewcy Stanisław Ignacy Witkiewicz
20%
U nas, w Auschwitzu... Tadeusz Borowski
20%
Pamiętniki Jan Chryzostom Pasek
16%
Ojciec Goriot Honore de Balzac
13%
Cudzoziemka Maria Kuncewiczowa
8%
Wieża Gustaw Herling-Grudziński
6%
Nie znaleziono quizów pasujących do podanych kryteriów
Rozkład punktacji
Procent ludzi z każdym wynikiem
Percentyl według liczby udzielonych odpowiedzi
Twoja historia wyników
Nie rozwiązałeś tego quizu